Monsters I've Met (Logic Puzzle) Quiz Stats

Quiz Updated Oct 15, 2014

Challenge
Share
Tweet
Score 0/20 Timer 20:00
2 Plays Today
Monster Status % Correct





Dracula
???
100%





Pinhead
???
78.1%





The Wolfman
???
68.7%





Frankenstein's Monster
???
67.7%





The Bunyip
???
66.8%





Cthulhu
???
55.7%





Sasquatch
???
54%





Manbearpig
???
53.2%





The Loch Ness Monster
???
45.3%





Mr. Hyde
???
41.7%
Monster Status % Correct





The Grudge
???
39.5%





Michael Myers
???
29.4%





Freddy Krueger
???
27.5%





Headless Horseman
???
20.9%





The Candyman
???
20.5%





Jason Voorhees
???
20.4%





Samara
???
14.8%





The Boogeyman
???
14.6%





Slender Man
???
14.5%





The Thing
???
12.7%

You're not logged in!

Compare scores with friends on all Sporcle quizzes.
Join for Free
OR
Log In

You Might Also Like...

Show Comments

Extras

Top Quizzes Today


Score Distribution

Your Account Isn't Verified!

In order to create a playlist on Sporcle, you need to verify the email address you used during registration. Go to your Sporcle Settings to finish the process.

Report this User

Report this user for behavior that violates our Community Guidelines.

Details: